000 01051nam a22002057a 4500
999 _c58447
_d58447
003 Ge_BSU
005 20220211135438.0
008 220211s2020 ge ||||| |||| 00| 0 geo d
020 _a9789941310850
041 _ageo
080 _a821.353.1.09+070.447 ა-24
100 _aაგლაძე, შოთა
_99745
245 _aმწერლობა, ჟურნალისტიკა, კრიტიკა :
_cშოთა აგლაძე ; რედაქტორი ნოდარ გრიგორაშვილი.
_bნაწილი 4 /
264 _aთბილისი :
_bინტელექტი,
_c2020.
300 _a64 გვ.;
_b17 სმ.
504 _aბიბლიოგრაფია ტექსტის შენიშვნებში.
653 _aლიტერატურის ისტორია და კრიტიკა -- ქართული პროზა
700 _aგრიგორაშვილი, ნოდარ
_eრედაქტორი
_99746
942 _2udc
_cBK